Predpoklady riešenia regionálnych disparít

Celoštátna nezamestnanosť, nezamestnanosť vo východoslovenských okresoch. Nedostatok finančných prostriedkov zvyšuje zaostávanie východných okresov.

Gespeichert in:
Bibliographische Detailangaben
1. Verfasser: Lysák, Ladislav
Format: Buchkapitel
Sprache:Slowakisch
Schlagworte:
Tags: Tag hinzufügen
Keine Tags, Fügen Sie das erste Tag hinzu!

MARC

LEADER 00000naa a2200000 4500
001 0142689
005 20240502072545.6
041 0 |a slo 
044 |a SK 
245 1 0 |a Predpoklady riešenia regionálnych disparít  |c Ladislav Lysák 
520 |a Celoštátna nezamestnanosť, nezamestnanosť vo východoslovenských okresoch. Nedostatok finančných prostriedkov zvyšuje zaostávanie východných okresov. 
610 2 0 |a regióny administratívne 
610 2 0 |a disparita 
610 2 0 |a Slovensko 
610 2 0 |a nezamestnanosť 
100 1 |a Lysák, Ladislav